[Event "NED-ch U13 Girls"]
[Site "Rijswijk"]
[Date "2007.05.17"]
[Round "1"]
[White "Hupkens, Mia Rosa"]
[Black "Voskuil, Jasmijn"]
[Result "1-0"]
[WhiteElo "1354"]
[BlackElo "1069"]
[PlyCount "59"]
[EventDate "2007.05.17"]
[EventType "swiss"]
[EventRounds "9"]
[EventCountry "NED"]
[SourceTitle "EXT 2009"]
[Source "ChessBase"]
[SourceDate "2008.11.26"]
[SourceVersion "1"]
[SourceVersionDate "2008.11.26"]
[SourceQuality "1"]

1. e4 e5 2. Nf3 Nf6 3. d3 Nc6 4. Bg5 h6 5. Bh4 Be7 6. Be2 d5 7. exd5 Nxd5 8. Bg3 Qd6 9. Nbd2 b5 10. c4 bxc4 11. Nxc4 Qe6 12. Ncxe5 Nxe5 13. Bxe5 f6 14. Bg3 Bd6 15. Bxd6 Qxd6 16. 0-0 0-0 17. Nd4 Ba6 18. Nf5 Qf4 19. Ng3 Rfe8 20. Qb3 Rad8 21. Rfe1 c6 22. h3 Kh8 23. Bf1 Rxe1 24. Rxe1 Nb4 25. Re4 Rxd3 26. Bxd3 Qc1+ 27. Kh2 Nxd3 28. Re8+ Kh7 29. Qg8+ Kg6 30. Re7 1-0